[Event "DEM U12w 2022"]
[Site "Willingen GER"]
[Date "2022.06.06"]
[Round "3"]
[White "Will, Elina"]
[Black "Janssen, Mareike"]
[Result "1-0"]
[Termination "normal"]
[Board "15"]
[WhiteElo "1333"]
[BlackElo "1022"]
[PlyCount "71"]
[WhiteFideId "34623434"]
[BlackFideId "34607145"]
[EventCountry "GER"]
[EventRounds "9"]
[EventType "swiss"]
[EventDate "2022.06.04"]

1.e4 e5 2. Nf3 Nc6 3. d4 exd4 4. Nxd4 Nf6 5. Nc3 Bb4 6. Nxc6 bxc6 7. Bd3 O-O 8.
O-O d5 9. exd5 cxd5 10. Bg5 Be6 11. Qf3 h6 12. Bxf6 Qxf6 13. Qxf6 gxf6 14. Nb5
c6 15. Nc7 Rac8 16. Nxe6 fxe6 17. c3 Bd6 18. Rfe1 Rfe8 19. Re2 Be5 20. Rae1 Kh8
21. g3 c5 22. f4 c4 23. Bc2 Bc7 24. Rxe6 Rxe6 25. Rxe6 Bb6+ 26. Kg2 Kg7 27.
Re7+ Kf8 28. Rh7 Kg8 29. Rxh6 Kg7 30. Rh7+ Kg8 31. Rd7 Rc5 32. h4 Rb5 33. b3
cxb3 34. Bxb3 Rc5 35. Rxd5 Rxc3 36. Rd3+ 1-0

[Event "DEM U12w 2022"]
[Site "Willingen GER"]
[Date "2022.06.06"]
[Round "3"]
[White "Wolf, Anna"]
[Black "John, Linnea"]
[Result "0-1"]
[Termination "normal"]
[Board "16"]
[WhiteElo "1218"]
[BlackElo "1306"]
[PlyCount "114"]
[WhiteFideId "34616993"]
[BlackFideId "34623680"]
[EventCountry "GER"]
[EventRounds "9"]
[EventType "swiss"]
[EventDate "2022.06.04"]

1. e4 c5 2. Nf3 Nc6 3. d4 cxd4 4. Nxd4 g6 5. c4 Bg7 6. Be3 Nf6 7. Nc3 Ng4 8.
Qxg4 Nxd4 9. Qd1 Ne6 10. Rc1 Qa5 11. a3 d6 12. Be2 b6 13. O-O Bd7 14. Nb5 Qa6
15. Rb1 Bxb5 16. cxb5 Qc8 17. Qb3 O-O 18. Rfc1 Qd7 19. a4 Bd4 20. Rc4 Bxe3 21.
Qxe3 Rac8 22. Rbc1 Rxc4 23. Bxc4 Nc5 24. Bb3 Rc8 25. Qf3 Nxb3 26. Rxc8+ Qxc8
27. h3 Qc1+ 28. Kh2 Qxb2 29. Qg3 Nc5 30. Qg5 Qe5+ 31. Qxe5 dxe5 32. Kg3 Nxe4+
33. Kf3 Nc5 34. g4 Nxa4 35. Ke4 Nc3+ 36. Kxe5 Nxb5 37. Kd5 Kg7 38. Kc6 Nd6 39.
Kd7 b5 40. Kxe7 b4 41. Kxd6 b3 42. f4 b2 43. f5 b1=Q 44. fxg6 Qxg6+ 45. Kc7 a5
46. h4 a4 47. h5 Qc2+ 48. Kd6 a3 49. h6+ Kxh6 50. g5+ Kxg5 51. Ke7 a2 52. Kxf7
a1=Q 53. Ke6 Qe1+ 54. Kd5 Qcd2+ 55. Kc4 Qec1+ 56. Kb3 Qdb2+ 57. Ka4 Qca1# 0-1

[Event "DEM U12w 2022"]
[Site "Willingen GER"]
[Date "2022.06.06"]
[Round "3"]
[White "Mo, Keyou"]
[Black "Vasylenko, Nadeja"]
[Result "0-1"]
[Termination "normal"]
[Board "17"]
[WhiteElo "1150"]
[BlackElo "1305"]
[PlyCount "114"]
[WhiteFideId "34623582"]
[BlackFideId "34161457"]
[EventCountry "GER"]
[EventRounds "9"]
[EventType "swiss"]
[EventDate "2022.06.04"]

1. e4 e5 2. Nf3 d5 3. exd5 e4 4. Qe2 Nf6 5. d3 Qxd5 6. Nc3 Bb4 7. Bd2 Bxc3 8.
Bxc3 O-O 9. Nd4 Bg4 10. Qd2 exd3 11. cxd3 Re8+ 12. Ne2 Bxe2 13. Bxe2 Qxg2 14.
O-O-O Qxf2 15. Rde1 Nbd7 16. d4 Ne4 17. Qc2 Nxc3 18. bxc3 Qf4+ 19. Kd1 Nb6 20.
Bd3 h6 21. Rhf1 Qg4+ 22. Re2 Re7 23. Rfe1 Rae8 24. Kc1 Qf4+ 25. Kb1 Rxe2 26.
Rxe2 Qf1+ 27. Kb2 Rxe2 28. Bxe2 Qf2 29. Kb3 Qxh2 30. Qe4 g6 31. Bb5 c6 32. Bd3
h5 33. c4 h4 34. d5 cxd5 35. cxd5 h3 36. Qd4 Qd6 37. Be4 h2 38. Kc3 Qa3+ 39.
Kd2 Qxa2+ 40. Ke3 Qa3+ 41. Kf2 Qd6 42. Kg2 a6 43. Kh3 a5 44. Kg4 a4 45. Kg5
Qg3+ 46. Kf6 Nd7+ 47. Ke7 Qe5+ 48. Qxe5 Nxe5 49. d6 a3 50. Bd5 a2 51. Bxa2 h1=Q
52. Kf6 Nd7+ 53. Ke7 Qc6 54. Bb1 f5 55. Ba2+ Kg7 56. Be6 Nf8 57. Bf7 Qd7# 0-1

[Event "DEM U12w 2022"]
[Site "Willingen GER"]
[Date "2022.06.06"]
[Round "3"]
[White "Nalam, Mokshadha"]
[Black "Milman, Sophie"]
[Result "1-0"]
[Termination "normal"]
[Board "18"]
[WhiteElo "1185"]
[BlackElo "1202"]
[PlyCount "127"]
[WhiteFideId "34623566"]
[BlackFideId "34608885"]
[EventCountry "GER"]
[EventRounds "9"]
[EventType "swiss"]
[EventDate "2022.06.04"]

1. e4 e5 2. Nf3 Nc6 3. Bc4 Bc5 4. c3 Nf6 5. d4 exd4 6. e5 d5 7. Bb5 Ne4 8. cxd4
Bb4+ 9. Bd2 Bxd2+ 10. Nbxd2 Bf5 11. Bxc6+ bxc6 12. Rc1 Qd7 13. Qa4 O-O 14. Qxc6
Qxc6 15. Rxc6 Rfc8 16. O-O Bd7 17. Rc2 Bf5 18. Rfc1 Nxd2 19. Rxd2 h6 20. Rc5 c6
21. Rd1 Rab8 22. b3 Rb5 23. Rdc1 Rxc5 24. Rxc5 Be4 25. b4 a6 26. Nd2 Bd3 27. a3
Bb5 28. Nb3 Kf8 29. f4 Ke7 30. Na5 Ke6 31. Nb7 f6 32. Kf2 Ke7 33. Nd6 Rc7 34.
Kf3 fxe5 35. fxe5 Kf8 36. Kg4 Ke7 37. Kf5 Bd3+ 38. Kf4 Bb5 39. Rc3 Be2 40. Kf5
Kf8 41. a4 Bd1 42. a5 Be2 43. g4 Bf1 44. h4 Be2 45. g5 hxg5 46. hxg5 Bh5 47.
Rc2 g6+ 48. Kf6 Kg8 49. e6 Bd1 50. Rd2 Bg4 51. e7 Bd7 52. Re2 Ra7 53. e8=Q+
Bxe8 54. Rxe8+ Kh7 55. Re7+ Rxe7 56. Kxe7 c5 57. bxc5 Kg8 58. c6 Kh7 59. c7 Kg8
60. c8=Q+ Kh7 61. Qh3+ Kg7 62. Qh6+ Kg8 63. Qxg6+ Kh8 64. Nf7# 1-0

[Event "DEM U12w 2022"]
[Site "Willingen GER"]
[Date "2022.06.06"]
[Round "3"]
[White "Chandrasekher, Ritu"]
[Black "Altmeyer, Hannah"]
[Result "1-0"]
[Termination "normal"]
[Board "19"]
[WhiteElo "1312"]
[BlackElo "754"]
[PlyCount "93"]
[WhiteFideId "34609024"]
[BlackFideId "34623892"]
[EventCountry "GER"]
[EventRounds "9"]
[EventType "swiss"]
[EventDate "2022.06.04"]

1. e4 e5 2. Nf3 Nc6 3. Bc4 Bc5 4. O-O Nf6 5. d3 h6 6. c3 d6 7. Nbd2 Bg4 8. h3
Bh5 9. Re1 O-O 10. Nf1 Na5 11. Bb3 Re8 12. Ng3 Bg6 13. Bc2 Nc6 14. a4 Nh5 15.
Nxh5 Bxh5 16. b4 Nxb4 17. cxb4 Bxb4 18. Rf1 Bc3 19. Rb1 Bd4 20. Be3 Bc3 21.
Rxb7 c5 22. Qe2 Re7 23. Rfb1 Rxb7 24. Rxb7 Kh7 25. Bd1 Qc8 26. Rb3 Ba5 27. Qc2
Bb4 28. Nh4 Bxd1 29. Qxd1 Qe6 30. Qc2 Rb8 31. Qc4 g5 32. Nf5 Qxc4 33. dxc4 Kg6
34. Nxd6 Rb6 35. Nf5 Ra6 36. Ne7+ Kf6 37. Nd5+ Kg6 38. Nxb4 cxb4 39. Rxb4 f6
40. c5 Rc6 41. Rb7 a6 42. Rb6 Rxb6 43. cxb6 Kh5 44. b7 Kh4 45. b8=Q h5 46. Kh2
g4 47. g3# 1-0

[Event "DEM U12w 2022"]
[Site "Willingen GER"]
[Date "2022.06.06"]
[Round "3"]
[White "Abram, Kristina-Maria"]
[Black "Mader, Theresa"]
[Result "0-1"]
[Termination "normal"]
[Board "20"]
[WhiteElo "1044"]
[BlackElo "1339"]
[PlyCount "68"]
[WhiteFideId "16298349"]
[BlackFideId "34605657"]
[EventCountry "GER"]
[EventRounds "9"]
[EventType "swiss"]
[EventDate "2022.06.04"]

1. b3 c6 2. Bb2 d5 3. e3 Bf5 4. f4 e6 5. Nf3 Nf6 6. Be2 Nbd7 7. O-O Be7 8. d3
O-O 9. Nc3 Bc5 10. d4 Be7 11. Bd3 Bxd3 12. cxd3 Rc8 13. Qe1 Ne8 14. Qg3 Nd6 15.
e4 c5 16. dxc5 Nxc5 17. Na4 g6 18. Nxc5 Rxc5 19. exd5 Rxd5 20. Nd4 Qb6 21. Qf2
Rc8 22. Rac1 Bf6 23. Rxc8+ Nxc8 24. Rc1 Nd6 25. Qg3 Bxd4+ 26. Bxd4 Qxd4+ 27.
Kh1 Qxd3 28. Qe1 Qd4 29. Qf1 Qd2 30. g4 Qxa2 31. Rd1 Qxb3 32. Re1 a5 33. h4 Qg3
34. g5 Qxh4+ 0-1

[Event "DEM U12w 2022"]
[Site "Willingen GER"]
[Date "2022.06.06"]
[Round "3"]
[White "Fomenkova, Elina"]
[Black "Ignatova, Gabriela"]
[Result "0-1"]
[Termination "normal"]
[Board "21"]
[WhiteElo "933"]
[BlackElo "1170"]
[PlyCount "58"]
[WhiteFideId "34623760"]
[BlackFideId "34623698"]
[EventCountry "GER"]
[EventRounds "9"]
[EventType "swiss"]
[EventDate "2022.06.04"]

1.e4 c5 2. Nf3 Nc6 3. d4 cxd4 4. Nxd4 g6 5. Nxc6 bxc6 6. Bc4 Bg7 7. O-O e6 8.
Re1 Nf6 9. Bg5 Qb6 10. Bxf6 Bxf6 11. Nc3 Qxb2 12. Ne2 Qb4 13. Bd3 Bxa1 14. Qxa1
O-O 15. Rb1 Qe7 16. Rb3 d5 17. c4 Ba6 18. cxd5 Bxd3 19. Rxd3 cxd5 20. Ng3 dxe4
21. Nxe4 Rfd8 22. Rf3 f5 23. Nf6+ Qxf6 24. Qb1 Qd4 25. h3 Rab8 26. Qc2 Rb2 27.
Qc6 Qe5 28. a4 Rb1+ 29. Qc1 Rxc1# 0-1